000 00418nam a22001697a 4500
003 OSt
005 20211014132958.0
008 211014b |||||||| |||| 00| 0 eng d
020 _a0745002250
040 _cHU
082 _a304.2/PEA
100 _aDAVID W. PEARCE
_913700
245 _aECONOMICS OF NATURAL RESOURCES AND THE ENVIRONMENT
260 _aLONDON
_bHALL
_c1990
300 _a378P
942 _2ddc
_cBOOKS
_n0
999 _c12781
_d12781